000 01458cam a2200349 a 4500
001 EDZ0000085141
003 StDuBDS
005 20161031105146.0
006 m||||||||d||||||||
007 cr |||||||||||
008 120516s1997 caub fo| 001|0|eng|d
020 _a9781452225807 (ebook) :
_cNo price
040 _aStDuBDS
_beng
_cStDuBDS
_epn
049 _aAlfaisal Main Library
050 0 _aHF5549.5.M5
_bM365 1997
082 0 4 _a658.3008
_223
245 0 0 _aManaging the organizational melting pot
_h[electronic resource] :
_bdilemmas of workplace diversity /
_cPushkala Prasad ... [et al.], editors.
260 _aThousand Oaks, Calif. ;
_aLondon :
_bSAGE,
_cc1997.
300 _a1 online resource (vii, 395 p.) :
_bmap.
520 8 _aUsing examples from companies in Canada, USA, Great Britain and the Middle East, 'Managing the Organizational Melting Pot' examines the effects of increasing cultural diversity in the workplace.
521 _aSpecialized.
588 _aDescription based on print version record.
504 _aIncludes bibliographical references and index.
650 0 _aDiversity in the workplace.
650 0 _aMulticulturalism.
655 7 _aElectronic books.
_2local
700 1 _aPrasad, Pushkala.
710 2 _aSage eBooks
776 0 8 _iPrint version :
_z9780803974111
856 4 0 _uhttp://ezproxy.alfaisal.edu/login?url=http://sk.sagepub.com/books/managing-the-organizational-melting-pot
942 _2lcc
_cEBOOKS
999 _c480597
_d480597